Run like hell lyrics - Pink Floyd - Statistics

General Stats
  • This quiz has been taken 30 times
  • The average score is 106 of 147
Answer Stats
Answer % Correct
Run
100%
run
100%
a
88%
better
88%
you
88%
the
82%
girlfriend
76%
in
76%
out
76%
to
76%
your
76%
and
71%
back
71%
her
71%
taking
71%
tonight
71%
car
65%
down
65%
mother
65%
of
65%
you're
65%
all
59%
box
59%
cardboard
59%
eyes
59%
from
59%
if
59%
locks
59%
pick
59%
they
59%
up
59%
well
59%
with
59%
disguise
53%
face
53%
gonna
53%
guilty
53%
heart
53%
send
53%
sight
53%
trying
53%
as
47%
backseat
47%
blind
47%
button
47%
catch
47%
cause
47%
day
47%
favourite
47%
feel
47%
inside
47%
keep
47%
make
47%
night
47%
park
47%
rising
47%
roller
47%
they're
47%
batter
41%
cockleshell
41%
deep
41%
dirty
41%
door
41%
feelings
41%
hammers
41%
hungry
41%
lips
41%
past
41%
shatters
41%
smile
41%
bile
35%
empty
35%
tatters
35%
nerves
12%
No matching quizzes found
Score Distribution
Percent of People with Each Score
Percentile by Number Answered
Your Score History
You have not taken this quiz